Normal view
MARC view
- Matemáticas
Entry Materia
Number of records used in: 1990
001 - NÚMERO DE CONTROL DEL REGISTRO
- campo de control: 2809
003 - IDENTIFICADOR DE NUMERO DE CONTROL
- campo de control: MX-MxUPN
005 - FECHA Y HORA DE LA ÚLTIMA TRANSACCIÓN
- campo de control: 20230523105623.0
008 - DATOS DE LONGITUD FIJA
- campo de control de longitud fija: 220518n||acnnnbabn | a|a |d
035 ## - NÚMERO DE CONTROL DEL SISTEMA
- Número de control del sistema: UPN10000002809
040 ## - FUENTE DE LA CATALOGACIÓN
- Centro catalogador de origen: MX-MxUPN
- Lengua de catalogación: spa
- Agencia de transcripción: MX-MxUPN
046 ## - FECHAS CON CODIFICACIÓN ESPECIAL
- Fecha final para contenidos agregados: 0
150 ## - ENCABEZAMIENTO - TEMÁTICO
- Término de materia o nombre geográfico como elemento inicial: Matemáticas
- Subdivisión de materia general: Estudio y enseñanza (Elemental)
670 ## - FUENTE EN LA QUE SE LOCALIZARON DATOS
- Cita de la fuente: Biblioteca del Congreso (Estados Unidos), 18 mayo 2022:
- Información localizada: catálogo electrónico (Mathematics -- Study and teaching (Elementary))
902 ## - CATALOGADOR
- Catalogador: MEEG/240996
